Etnocentrizmus a jeho úloha v spotrebiteľskom správaní generácie Z na Slovensku habilitačná práca

Gespeichert in:
Bibliographische Detailangaben
1. Verfasser: Čvirik, Marián, 1992-
Körperschaft: Obchodná fakulta EU. Katedra marketingu
Format: Buch
Sprache:Slowakisch
Veröffentlicht: Bratislava 2025
Tags: Tag hinzufügen
Keine Tags, Fügen Sie das erste Tag hinzu!

MARC

LEADER 00000nbm a2200000 4500
001 0308613
005 20250526091224.9
041 0 |a slo 
044 |a SK 
245 1 0 |a Etnocentrizmus a jeho úloha v spotrebiteľskom správaní generácie Z na Slovensku  |b habilitačná práca  |c Marián Čvirik ; školiteľ: Grzegorz Maciejewski 
264 1 |a Bratislava  |c 2025 
300 |a 77 s. 
100 1 |a Čvirik, Marián, 1992- 
710 2 |a Obchodná fakulta EU. Katedra marketingu